000
00214nam a2200097Ia 4500
008
240331s9999 xx 000 0 und d
082
_b
ILL
100
_a
Wijesuriya,S
245
0
_a
Ilankai naadar kathaikal
942
_c
L
999
_c
3618
_d
3618